Prototypovanie zmeny
Enregistré dans:
| Auteur principal: | |
|---|---|
| Format: | Manuscrit Livre |
| Langue: | slovaque |
| Publié: |
Bratislava
2022
|
| Sujets: | |
| Accès en ligne: | http://is.stuba.sk/zp/portal_zp.pl?podrobnosti_zp=88268 |
| Tags: |
Pas de tags, Soyez le premier à ajouter un tag!
|
MARC
| LEADER | 00000ntm a22000003a 4500 | ||
|---|---|---|---|
| 001 | stuzp88268 | ||
| 003 | SK-STU | ||
| 005 | 20230316101534.7 | ||
| 007 | ta | ||
| 008 | 150427s2015----xo-----f-mn---000-0-slo-d | ||
| 040 | |a STU |b slo | ||
| 041 | 0 | |a slo | |
| 100 | 1 | |a Lipková, Michala |u 059190 |k Z1 |4 aut |U FAD Fakulta architektúry a dizajnu |T FAD Ústav dizajnu |X 15371 |U A9190 |Y 400 |7 A000015371 | |
| 242 | 0 | 1 | |a Prototyping change |y eng |
| 245 | 1 | 0 | |a Prototypovanie zmeny |
| 260 | |c 2022 |a Bratislava | ||
| 300 | |a 98 s. | ||
| 650 | 4 | |a identita |2 slo | |
| 650 | 4 | |a rozprestrené spektrum |2 slo | |
| 650 | 4 | |a tr1mtab |2 slo | |
| 650 | 4 | |a produktový dizajn |2 slo | |
| 650 | 4 | |a interdisciplinarita |2 slo | |
| 650 | 4 | |a dizajnérske vzdelávanie |2 slo | |
| 650 | 4 | |a rizomatické učenie |2 slo | |
| 650 | 4 | |a kritická tvorba |2 slo | |
| 650 | 4 | |a etnodizajn |2 slo | |
| 650 | 4 | |a rhizomatic learning |2 eng | |
| 650 | 4 | |a ethnodesign |2 eng | |
| 650 | 4 | |a tr1mtab |2 eng | |
| 650 | 4 | |a interdisciplinarity |2 eng | |
| 650 | 4 | |a design education |2 eng | |
| 650 | 4 | |a critical making |2 eng | |
| 650 | 4 | |a product design |2 eng | |
| 650 | 4 | |a identity |2 eng | |
| 650 | 4 | |a spread spectrum |2 eng | |
| 856 | 4 | |u http://is.stuba.sk/zp/portal_zp.pl?podrobnosti_zp=88268 |u https://opac.crzp.sk/?fn=detailBiblioForm&sid=26764B43C57DF4A5BBDB977C556C | |
| 996 | |b 284AU09377 |c A* 12690/V |l AAKNST |s P |a 0 |w stuzp88268_0001 | ||